[Event "Olympiad-35"]
[Site "Bled"]
[Date "2002.11.08"]
[Round "13.2"]
[White "Dautov, Rustem"]
[Black "Short, Nigel D"]
[Result "1/2-1/2"]
[WhiteElo "2617"]
[BlackElo "2684"]
[Annotator "Dautov,R"]
[PlyCount "52"]
[EventDate "2002.10.26"]
[EventType "team-swiss"]
[EventRounds "14"]
[EventCountry "SLO"]
[SourceTitle "EXT 2003"]
[Source "ChessBase"]
[SourceDate "2002.11.25"]
[SourceVersion "1"]
[SourceVersionDate "2002.11.25"]
[SourceQuality "1"]
[WhiteTeam "Germany"]
[BlackTeam "England"]
[WhiteTeamCountry "GER"]
[BlackTeamCountry "ENG"]

1. d4 Nf6 2. c4 e6 3. Nf3 Bb4+ 4. Bd2 Bxd2+ 5. Qxd2 O-O 6. g3 d5 7. Bg2 Nbd7 {
Schwarz spielt eine sehr solide Variante, deren Hauptkenner Ulf Andersson ist.
Der schwedische Großmeister hat bereits so viele Partien damit gespielt, daß
man der Variante seinen Namen verleihen sollte.} 8. O-O c6 (8... Re8 9. Rc1 c6
10. Qd3 dxc4 11. Qxc4 e5 12. dxe5 Nxe5 13. Nxe5 Rxe5 14. Nc3 Be6 15. Qa4 Qb6
16. Qc2 Re8 17. e4 Rh5 $11 {San Segundo Carrillo,P-Short,N/Bled 2002}) 9. Qc2
b6 10. Nbd2 Bb7 ({Weiß behält einen leichten Druck nach} 10... c5 11. dxc5 Nxc5
12. b4 Ncd7 13. cxd5 Nxd5 14. Qb2 Qe7 15. Nd4 Bb7 16. Rac1 Rac8 17. Nb5 a6 18.
Nc7 N7f6 19. Nxd5 Nxd5 20. Nc4 b5 21. Na5 $14 {Azmaiparashvili,Z-Andersson,U/
Elista 1998}) 11. b4 {Eine logische Fortsetzung, Weiß greift nach Raum auf dem
Damenflügel. Nichts bringt ihm dagegen die Zentrumsöffnung e2-e4.} (11. Rfd1
Qe7 12. e4 dxe4 13. Nxe4 c5 $11) 11... a5 (11... dxc4 12. Nxc4 $14) 12. a3 Qe7
$1 {Nimmt den weißen Bauern b4 unter Beschuß. Die frühzeitige Entlastung der
a-Linie kann Schwarz keinen Ausgleich garantieren.} (12... axb4 $6 13. axb4
Rxa1 (13... dxc4 14. Nxc4 c5 $1 (14... Qc7 15. e4 $1 Rxa1 16. Rxa1 Ra8 17. Rc1
$14 {Gavrikov,V-Wirthensohn,H/Arosa 1996}) 15. dxc5 bxc5 16. b5 $1 $14 {
Van Wely,L-Andersson,U/Ter Apel 1995}) 14. Rxa1 Qc7 15. e4 dxe4 16. Nxe4 c5 17.
Nxf6+ Nxf6 18. dxc5 bxc5 19. b5 Ra8 20. Rxa8+ Bxa8 21. Nd2 Bxg2 22. Kxg2 h6 23.
Qd3 $14 {Van Wely,L-Andersson,U/Ter Apel 1997}) 13. c5 $5 $146 {Erobert noch
mehr Raum und verhindert den befreienden Vorstoß c6-c5.} ({Harmlos ist} 13. Qb2
Rfb8 14. Rfc1 c5 15. bxc5 bxc5 16. dxc5 Nxc5 17. cxd5 Bxd5 18. Qd4 $11 {
1/2-1/2 Psakhis,L-Andersson,U/Polanica Zdroj 1997}) 13... axb4 14. axb4 bxc5 (
14... Ba6 $5) 15. dxc5 ({Nach} 15. bxc5 {gleicht Schwarz folgendermaßen aus:}
e5 16. dxe5 Ng4 17. Nb3 (17. e4 Nxc5 18. exd5 cxd5 $11) 17... Ngxe5 18. Nxe5
Nxe5 19. e4 Nc4 $11) 15... Rfb8 (15... Ba6 $6 16. Nd4 $1 e5 (16... Rfc8 17. Ra5
$14) 17. Nxc6 Qe6 18. Na5 Bxe2 19. Rfe1 $14) 16. e4 {Ich wollte die
Zentrumslinien öffnen und die Schwäche des Feldes d6 ausnutzen. Möglicherweise
war 16.Nd4 besser.} (16. e3 Ba6 17. Rfb1 e5 $11) (16. Nd4 $5) 16... Ba6 17.
Rfb1 e5 $1 (17... dxe4 $6 18. Nxe4 {[%csl Rd6]} Nd5 19. Qd2 N7f6 20. Nd6 $14)
18. Ra5 (18. exd5 $2 Nxd5 $15 {[%csl Rb4]}) 18... Bb5 19. Rxa8 (19. Rba1 Rxa5
20. Rxa5 Be2 {><b4}) 19... Rxa8 20. exd5 Nxd5 (20... cxd5 $2 21. Re1 $16) 21.
Ne4 {Das Ziel ist erreicht, der weiße Springer wird sich auf d6 einnisten.
Aber Nigels Gegenspiel kommt rechtzeitig.} N7f6 22. Nd6 (22. Nfd2 $2 Ra4 {><b4}
) (22. Nfg5 $6 h6 23. Nxf6+ Nxf6 24. Ne4 Nxe4 25. Bxe4 $11) 22... e4 $1 23. Ne1
{Der Bauer e4 hängt, aber die weißen Figuren, vom stolzen Nd6 abgesehen,
stehen unharmonisch.} Qe5 $1 {Die vollkommene Zentralisation! Es droht Q(N)c3.}
(23... e3 $6 24. Nxb5 cxb5 25. Nd3 $14 {/\Re1}) (23... Ra3 $6 24. Nxb5 cxb5 25.
Qb2 Ra4 26. Nc2 $14) 24. Bxe4 {Dies führt zu einem gleichen Endspiel.} ({
Prinzipiell war} 24. Nxb5 $1 {, wonach Schwarz die dynamischen Möglichkeiten
seiner Stellung demonstrieren müßte:} cxb5 25. Qd2 Nc3 (25... Qc3 $5 26. Qe2
Qa3 27. Nc2 Qd3 $132) 26. Rc1 Nfd5 27. f4 $1 exf3 28. Nxf3 Qe2 $13) 24... Nxe4
25. Qxe4 Qxe4 26. Nxe4 Ra4 $11 (26... Ra4 27. Nd6 Rxb4 28. Rxb4 Nxb4 29. Nf3
Na6 30. Nd4 Ba4 31. Ne4 $11) 1/2-1/2

[Event "Biel"]
[Site "Biel"]
[Date "1986.07.26"]
[Round "6"]
[White "Cebalo, Miso"]
[Black "Kortschnoj, Viktor Lvovich"]
[Result "1-0"]
[WhiteElo "2475"]
[BlackElo "2650"]
[Annotator "Dolmatov,S"]
[PlyCount "107"]
[EventDate "1986.07.20"]
[EventType "tourn"]
[EventRounds "11"]
[EventCountry "SUI"]
[EventCategory "12"]
[SourceTitle "MCL"]
[Source "ChessBase"]
[SourceDate "1999.07.01"]
[SourceVersion "1"]
[SourceVersionDate "1999.07.01"]
[SourceQuality "1"]

1. Nf3 Nf6 2. c4 e6 3. d4 Bb4+ 4. Nbd2 O-O 5. a3 Bxd2+ 6. Bxd2 Ne4 7. Be3 $6 (
7. g3 d6 8. Bg2 Nd7 9. O-O f5 10. Rc1 Qe7 11. c5 $14 {Lputian,S-Psakhis,L/URS/
1987/}) 7... d5 8. Rc1 dxc4 9. Rxc4 Qd5 10. Qc2 (10. Rxc7 $2 Qa5+ $19) 10...
Bd7 $2 (10... Na6 11. g3 b5 $15) 11. g3 (11. Rxc7 $2 Bc6 $17) 11... Bb5 (11...
b5 12. Rxc7 Na6 13. Rxd7 $16) 12. Rb4 Bc6 (12... Nd6 13. Bg2 Na6 $6 14. Ng5 Qf5
15. Qxf5 exf5 16. Rxb5 Nxb5 17. Bxb7 $16) 13. Bg2 Na6 14. Rc4 (14. Ng5 Nxb4 15.
axb4 f5 $17) 14... Bb5 (14... Nd6 15. Ng5 Qf5 (15... Qa5+ 16. b4 $16) 16. Qxf5
exf5 17. Bxc6 Nxc4 18. Bxb7 $16) 15. Nd2 $1 $16 f5 16. Rc3 Nxc3 17. Bxd5 Nxd5
18. Qb3 Bc6 19. f3 Rae8 (19... Nb8 20. Nc4 b6 (20... Nd7 21. Na5 $16) 21. Ne5
Bb7 22. Bf2 Re8 23. Qc2 $16) 20. Nc4 b6 21. Ne5 Bb7 22. O-O Nb8 23. Rc1 Rc8 24.
Bd2 Rfe8 25. Kf2 h6 26. h3 (26. h4) 26... Rf8 27. g4 f4 28. h4 c6 29. Bb4 Rfd8
30. g5 hxg5 31. hxg5 Nd7 32. Bd6 Nxe5 33. Bxe5 Rf8 34. Rh1 Rf5 35. g6 (35. Rh5
Kf7 36. Qd1 Kg6 37. Qh1 $18) 35... Rg5 36. Qd3 Rf8 37. Rh7 Nf6 38. Rh4 (38.
Bxf4 $6 Ng4+) 38... Nd5 39. Qe4 Rff5 40. Bxg7 $18 Rxg6 (40... Kxg7 41. Rh7+
Kxg6 42. Rxb7 Kf6 43. Rh7 $18) 41. Bh6 Rgf6 42. Bg5 Rxg5 43. Qh7+ Kf8 44. Qxb7
Rfg6 45. Qxa7 Rg1 46. Rh8+ Rg8 47. Rxg8+ Rxg8 48. Qd7 Rg6 49. Ke1 Ne7 50. Qd8+
Kf7 51. Qxb6 Rg5 52. Qc7 Rf5 53. a4 Ke8 54. a5 1-0

[Event "Biel"]
[Site "Biel"]
[Date "1986.07.21"]
[Round "2"]
[White "Rogers, Ian"]
[Black "Polugaevsky, Lev"]
[Result "1/2-1/2"]
[WhiteElo "2515"]
[BlackElo "2575"]
[Annotator "Dolmatov,S"]
[PlyCount "58"]
[EventDate "1986.07.20"]
[EventType "tourn"]
[EventRounds "11"]
[EventCountry "SUI"]
[EventCategory "12"]
[SourceTitle "MCL"]
[Source "ChessBase"]
[SourceDate "1999.07.01"]
[SourceVersion "1"]
[SourceVersionDate "1999.07.01"]
[SourceQuality "1"]

1. d4 Nf6 2. c4 e6 3. g3 Bb4+ 4. Bd2 Be7 5. Bg2 d5 6. Nf3 O-O 7. O-O c6 8. Qb3
b6 9. Nc3 Nbd7 10. cxd5 cxd5 11. Rfc1 (11. Rac1 Bb7 12. Bf4 Nh5 13. Be5 f6 14.
Bc7 Qxc7 15. Nxd5 Qd6 16. Nxe7+ Qxe7 17. Rc7 $44 {Romanishin,O-Ribli,Z/
Polanica Zdroi/1993/}) 11... Bb7 12. Bf4 Nh5 13. Bd2 $2 (13. Be5 f6 14. Bf4 $5
Nxf4 15. gxf4 f5 16. Nb5 $40) 13... Rc8 14. Ne5 Nhf6 15. Nxd7 Qxd7 $10 16. a4
Ne4 17. Nxe4 dxe4 18. Bb4 Bd5 19. Qa3 Bxb4 20. Qxb4 Rxc1+ 21. Rxc1 Rc8 22.
Rxc8+ Qxc8 23. e3 Qc7 24. Bf1 a5 25. Qb5 Kf8 26. b3 Qc6 27. Qxc6 Bxc6 28. Bc4
Ke7 29. Kf1 f6 1/2-1/2

[Event "Biel"]
[Site "Biel"]
[Date "1986.07.27"]
[Round "7"]
[White "Hort, Vlastimil"]
[Black "Rogers, Ian"]
[Result "1-0"]
[WhiteElo "2545"]
[BlackElo "2515"]
[Annotator "Dolmatov,S"]
[PlyCount "67"]
[EventDate "1986.07.20"]
[EventType "tourn"]
[EventRounds "11"]
[EventCountry "SUI"]
[EventCategory "12"]
[SourceTitle "MCL"]
[Source "ChessBase"]
[SourceDate "1999.07.01"]
[SourceVersion "1"]
[SourceVersionDate "1999.07.01"]
[SourceQuality "1"]

1. d4 Nf6 2. Nf3 e6 3. c4 Bb4+ 4. Bd2 Qe7 5. g3 Nc6 6. Bg2 Bxd2+ 7. Nbxd2 d6 8.
O-O a5 9. e4 O-O 10. d5 Nb8 (10... Ne5 11. Nxe5 dxe5 12. Qc2 exd5 13. cxd5 c6
14. Nc4 Qc5 15. Rac1 Re8 16. Rfe1 $14 {Hort,V-Seirawan,J/Lugano/1989/1:0/60/})
11. dxe6 (11. Ne1 c6 12. Nd3 $14 {Christiansen,L-Ornstein,A/Luzern/1982/})
11... Bxe6 12. Nd4 Nc6 (12... Nbd7 13. Re1 Nc5 14. Qc2 c6 15. Nf1 Rfe8 16. Rad1
$14 {Haik,A-Sharif,Me/Cannes/1987/}) 13. Nb5 Ne5 14. Qe2 c6 15. Nc3 Ned7 16. h3
Nc5 17. f4 Rfe8 (17... a4 $5 18. b4 axb3 19. axb3 Qc7 $132) 18. Nb3 Nxb3 19.
axb3 Qc7 20. Qf2 $14 Rab8 (20... Ra6 $5) 21. Rac1 b6 22. Rfd1 Red8 23. Qe3 h6
24. g4 Nh7 25. Rd3 Qe7 26. Ne2 (26. Rcd1 $5 b5 27. cxb5 Bxb3 28. bxc6 Bxd1 29.
Nd5 Qe8 30. c7 $16) 26... Nf8 27. Rcd1 b5 $2 28. cxb5 cxb5 (28... Rxb5 29. Nd4
Rc5 30. e5 dxe5 31. Nxc6 $16) 29. f5 Bd7 (29... Bc8 30. e5 $18) 30. Rxd6 Re8
31. Qd4 $18 Bc8 32. Ng3 Nd7 33. Nh5 Qg5 $2 34. Rg6 1-0

[Event "Biel"]
[Site "Biel"]
[Date "1986.08.01"]
[Round "11"]
[White "Lobron, Eric"]
[Black "Kortschnoj, Viktor Lvovich"]
[Result "1-0"]
[WhiteElo "2515"]
[BlackElo "2650"]
[Annotator "Dolmatov,S"]
[PlyCount "65"]
[EventDate "1986.07.20"]
[EventType "tourn"]
[EventRounds "11"]
[EventCountry "SUI"]
[EventCategory "12"]
[SourceTitle "MCL"]
[Source "ChessBase"]
[SourceDate "1999.07.01"]
[SourceVersion "1"]
[SourceVersionDate "1999.07.01"]
[SourceQuality "1"]

1. Nf3 Nf6 2. c4 e6 3. d4 Bb4+ 4. Nbd2 c5 5. a3 Bxd2+ 6. Bxd2 cxd4 7. Nxd4 d5
8. cxd5 Qxd5 9. e3 O-O 10. Bb4 Rd8 (10... Re8 11. Nb5 Na6 12. Qxd5 Nxd5 13. Bd6
Bd7 14. e4 Red8 15. Bg3 $14 {Ruban,V-Vitolinsh,A/URS/1988/}) 11. Be7 Rd7 12.
Bxf6 gxf6 13. Qg4+ Kf8 (13... Qg5 14. Qxg5+ fxg5 15. Rc1 Na6 16. Bb5 $16) 14.
Be2 Nc6 15. Bf3 Qd6 (15... Qa5+ 16. b4 Nxb4 17. Nxe6+ fxe6 18. Qxb4+ Qxb4+ 19.
axb4 Rc7 20. Kd2 Bd7 21. Rhc1 $16) 16. Rd1 (16. Nxc6 $2 Qd2+ 17. Kf1 bxc6 $10)
(16. O-O Nxd4 17. exd4 Qxd4 18. Qh5 Kg7 $13) 16... Ne5 (16... Nxd4 17. Rxd4 Qe5
18. O-O $16) 17. Qh4 Nxf3+ 18. gxf3 Qe5 (18... e5 19. Qh6+ Ke8 20. Rg1 Qf8 21.
Qxh7 $18) 19. Rg1 (19. Qxh7 Qg5 $16) 19... h5 20. f4 Qa5+ 21. b4 Qxa3 22. Qxf6
$18 Qxb4+ 23. Kf1 Qc4+ 24. Kg2 b6 25. Kh3 Rd5 (25... Bb7 26. Nf5 $18) 26. Rc1
e5+ 27. f5 Qxc1 28. Rxc1 exd4 29. Rc7 Bxf5+ 30. Kh4 Rd7 31. Rxd7 Bxd7 32. Qh8+
Ke7 33. Qxa8 1-0

[Event "Biel"]
[Site "Biel"]
[Date "1986.08.01"]
[Round "11"]
[White "Greenfeld, Alon"]
[Black "Rogers, Ian"]
[Result "1/2-1/2"]
[WhiteElo "2510"]
[BlackElo "2515"]
[Annotator "Dolmatov,S"]
[PlyCount "138"]
[EventDate "1986.07.20"]
[EventType "tourn"]
[EventRounds "11"]
[EventCountry "SUI"]
[EventCategory "12"]
[SourceTitle "MCL"]
[Source "ChessBase"]
[SourceDate "1999.07.01"]
[SourceVersion "1"]
[SourceVersionDate "1999.07.01"]
[SourceQuality "1"]

1. d4 Nf6 2. Nf3 e6 3. c4 Bb4+ 4. Nbd2 b6 5. a3 Bxd2+ 6. Bxd2 h6 (6... Bb7 7.
Bg5 d6 8. e3 Nbd7 9. Bd3 h6 10. Bh4 g5 11. Bg3 h5 12. h3 Rg8 $13 {Hjartarson,
J-Kortschnoj,V/Reykjavik/1987/1:0/46/}) 7. e3 Bb7 8. Bd3 Ne4 (8... d6 9. Qc2 c5
10. dxc5 bxc5 11. Bc3 Nbd7 12. O-O a5 13. e4 $14 {Vaganian,R-Andersson,U/
Nastved/1985/0:1/32/}) 9. Qc2 Nxd2 10. Qxd2 d6 11. d5 e5 12. O-O a5 13. b4 O-O
14. Rfc1 Qf6 {/\15...ab 16.ab Ra1 17.Ra1 e4 -+} (14... f5 $5 15. e4 fxe4 (15...
f4 $6 16. c5 $40) 16. Bxe4 Nd7 $10) 15. Rab1 (15. e4 Nd7 16. c5 $2 dxc5 17. Bb5
c6 18. dxc6 Bxc6 $17) (15. Qb2 $5 Nd7 16. Nd2 Qe7 17. e4 $14) 15... axb4 16.
axb4 Nd7 17. e4 {/\18.c5 dc 19.bc Nc5 20.Rc5 +/-} Qe7 18. Qb2 Ra7 19. Ra1 Rfa8
$10 20. Rxa7 Rxa7 21. Ra1 Rxa1+ 22. Qxa1 Qd8 23. Ne1 Qa8 24. Qxa8+ Bxa8 25. Bc2
Bb7 26. Nd3 Ba6 27. Bb3 g6 28. f3 Kg7 29. Kf2 f5 30. Ke3 Nf6 31. h3 f4+ 32. Kd2
g5 33. Kc3 h5 34. Ba4 g4 35. hxg4 hxg4 36. Bc6 Bc8 37. Kd2 Kf7 38. Ke2 Ba6 39.
b5 Bc8 40. Kf2 Ke7 41. Ne1 gxf3 42. gxf3 Bh3 43. Nd3 Nh5 44. Nc1 Nf6 45. Nd3
Nh7 46. Nc1 Nf8 47. Nd3 Nh7 48. Nc1 Kd8 49. Nd3 Nf6 50. Nc1 Nh5 51. Ne2 Ke7 52.
Nc1 Kf7 53. Ne2 Kf8 54. Ng1 Bc8 55. Ne2 Ke7 56. Kg2 Kf7 57. Kf2 Kf6 58. Be8 Ng7
59. Bc6 Nh5 60. Be8 Ng7 61. Bc6 Kg5 62. Nc1 Bh3 63. Nd3 Kf6 64. Nb4 Ke7 65. Nd3
Nh5 66. Nc1 Kf6 67. Be8 Ng3 68. Ne2 Kg5 69. Nxg3 fxg3+ 1/2-1/2

[Event "Las Palmas"]
[Site "Las Palmas"]
[Date "1996.12.09"]
[Round "1"]
[White "Topalov, Veselin"]
[Black "Kasparov, Garry"]
[Result "0-1"]
[WhiteElo "2750"]
[BlackElo "2785"]
[Annotator "Dolmatov,S"]
[PlyCount "118"]
[EventDate "1996.12.08"]
[EventType "tourn"]
[EventRounds "10"]
[EventCountry "ESP"]
[EventCategory "21"]
[SourceTitle "CBM 057"]
[Source "ChessBase"]
[SourceDate "1997.04.01"]
[SourceVersion "1"]
[SourceVersionDate "1997.04.01"]
[SourceQuality "1"]

1. d4 {Tischbierek} Nf6 2. c4 e6 3. g3 Bb4+ 4. Bd2 Be7 5. Bg2 d5 6. Nf3 O-O 7.
O-O c6 8. Qc2 b6 9. Ne5 (9. b3 Bb7 10. Rd1 Nbd7 11. Nc3 Rc8 12. e4 dxe4 13. Ne5
$13 {Palatnik,S-Rashkovsky,N/Palma de Mallorca/1989/}) 9... Nfd7 (9... Bb7) 10.
Nd3 (10. Nxc6 $2 Nxc6 11. cxd5 Nxd4 12. Qe4 Bf6 $17) 10... Bb7 11. Rd1 a5 (
11... Na6 12. a3 Rc8 13. Be3 Bf6 14. Nc3 Qe7 15. Rac1 c5 $13 {
Skembris-Tiviakov,S/Gausdal/1993/}) 12. a3 $6 (12. Be3 $5 b5 13. c5 Ba6 14. a3
$14) 12... Ba6 13. cxd5 (13. b3 a4 14. cxd5 axb3 15. Qxb3 cxd5 $10) 13... cxd5
14. Be3 Ra7 $10 15. Nc3 Rc7 16. Bf4 $6 (16. Qd2 Nc6 17. Rac1 Bd6 (17... Bf6 18.
Nf4 g6 $10) 18. Bf4 $10) 16... Rc8 17. Bxb8 Nxb8 18. Rac1 Nc6 19. e3 Bc4 20.
Bf1 Qd7 21. Nf4 (21. b3 $2 Bxd3 22. Bxd3 Bxa3 23. Bxh7+ Kh8 24. Ra1 Bb4 $17)
21... b5 (21... Bxf1 22. Rxf1 b5 23. Qe2 b4 24. Na4 Qb7 25. Nc5) 22. Bxc4 (22.
Nxb5 $2 Nb4 23. axb4 Bxf1 $17) 22... bxc4 23. e4 Bf6 (23... Qa7 $5 24. exd5
Nxd4 25. Qe4 e5) 24. exd5 Nxd4 25. Qe4 (25. dxe6 Qb7 (25... fxe6 26. Qe4 e5 27.
Nfd5 $10) 26. Qe4) 25... e5 26. Nh5 $1 Bg5 27. f4 f5 (27... Qg4 $5 28. Nxg7
Bxf4 29. Kh1 f5 30. Nxf5) 28. Qg2 Qf7 (28... Bh6 $5 {Tischbierek} 29. fxe5 $140
(29. Rb1 $5 g6 30. fxe5 gxh5 31. Kh1) (29. Ne2 g6) (29. Qh3) 29... Bxc1 30.
Rxc1 Qe8 $1 $19) 29. Nxg7 Qxg7 30. fxg5 Qxg5 (30... e4 31. h4 Nf3+ 32. Kh1 $13)
31. Kh1 (31. d6 $5 e4 (31... Rcd8 32. Qd5+ Rf7) 32. Qf2 Nf3+ 33. Kh1 Ne5 34.
Qd4 Nd3 35. Qd5+ $16) 31... e4 32. g4 (32. Ne2 $5 Nf3 33. Nf4) 32... Kh8 33.
gxf5 Qxg2+ 34. Kxg2 Nxf5 35. Kh1 $11 (35. Re1 e3) 35... Nd6 36. Re1 Rf4 37. a4
(37. Re2 $5 Kg7 38. Rce1 Re8) (37. Rg1 Rf2 38. Rg2 Rxg2 39. Kxg2 Kg7) 37... Rb8
38. Re2 $2 (38. Nb5 $142 $1 Nxb5 39. axb5 Rxb5 40. d6 $1 (40. Rxc4 Rxd5 41.
Rcxe4 Rxe4 42. Rxe4 Rd1+ 43. Kg2 Rd2+ 44. Kg3 Rxb2 45. Re5 a4 46. Ra5 $10)
40... Rd5 (40... Rxb2 41. d7 Rf8 42. Rxc4 Rd8 43. Rc8 Rb8 44. Rxb8 Rxb8 45.
Rxe4 $18) 41. Rcd1 Rxd1 42. Rxd1 Rf8 43. d7 Rd8 44. Kg2 Kg7 45. Kf2 Kf6 46. Ke3
Ke6 47. Rd4 Rxd7 48. Rxc4 $10) 38... Kg7 39. Rce1 Rb4 $1 40. Nb5 (40. Nxe4 Nxe4
41. Rxe4 Rxe4 42. Rxe4 c3 43. Re7+ Kf8 44. bxc3 Rb1+ $19) 40... Nxb5 41. axb5
Kf7 42. d6 Ke6 43. Rd2 Kd7 44. Rg1 Rf7 45. Re1 a4 46. Re3 $6 (46. Kg2 $5 Rf6 (
46... Rxb5 47. Rxe4 Rg5+ 48. Kh3 $10) 47. Rxe4 c3 (47... Rxd6 48. Rc2 $10) 48.
Re7+) 46... Rg7 47. Rxe4 (47. h3 $142 {Tischbierek} Rb3 (47... Rg6 48. Rxe4
Rxd6 49. Rc2 Rd5 50. Rexc4 $10) (47... Rxb5 48. Rxe4 $10) 48. Rxe4 Rxh3+ 49.
Rh2 Rhg3 $5 (49... Rd3 50. Rh6 Rd1+ 51. Kh2 Rd2+ 52. Kh3 Rxb2 53. Rxc4) (49...
Rxh2+ 50. Kxh2 Rg5 51. Rxc4 Rxb5 52. Rxa4 Rxb2+ $10)) 47... a3 (47... c3 48.
Rxb4 cxd2 49. Rd4 $10) 48. Re7+ Rxe7 49. dxe7+ Kxe7 50. bxa3 Rb1+ 51. Kg2 c3
$19 52. Re2+ Kd6 53. Kf3 Kd5 54. a4 Kd4 55. a5 Rxb5 56. a6 (56. Ra2 Kd3 57. a6
c2 $19) 56... Ra5 57. Re4+ Kd5 58. Re3 c2 59. Rc3 Rc5 (59... Rc5 60. Rxc5+ Kxc5
61. a7 c1=Q 62. a8=Q Qh1+ $19) 0-1

[Event "Albert m"]
[Site "Albert"]
[Date "1996.??.??"]
[Round "4"]
[White "Bacrot, Etienne"]
[Black "Smyslov, Vassily V"]
[Result "1/2-1/2"]
[WhiteElo "2470"]
[BlackElo "2510"]
[Annotator "Dorfman,J"]
[PlyCount "35"]
[EventDate "1996.09.05"]
[EventType "match"]
[EventRounds "6"]
[EventCountry "FRA"]
[SourceTitle "CBM 056"]
[Source "ChessBase"]
[SourceDate "1997.02.01"]
[SourceVersion "1"]
[SourceVersionDate "1997.02.01"]
[SourceQuality "1"]

1. d4 e6 2. c4 Bb4+ 3. Bd2 Qe7 4. Nf3 (4. e4 $5 Nf6 (4... Nc6 5. Nf3 d5 6. e5
Bxd2+ 7. Qxd2 dxc4 8. Bxc4 Qb4 9. Bb3 Nge7 10. O-O Qxd2 11. Nbxd2 Bd7 12. Rfd1
Nb4 13. a3 Nbd5 14. Nc4 Bb5 15. Rac1 Bxc4 16. Bxc4 h6 17. Kf1 O-O-O 18. Bd3 Rd7
19. Be4 Rhd8 20. Rd2 Kb8 $15 {Umanskaya,I-Ibragimov,I/Komotini GP/1993/}) (4...
d5 5. e5 Bxd2+ (5... Nc6 6. Nf3 Bxd2+ 7. Qxd2 (7. Nbxd2 $5 $14) 7... dxc4 8.
Nc3 Nh6 9. d5 Nxe5 $5 10. Nxe5 exd5 11. Qe2 Be6 12. O-O-O c6 13. Nf3 O-O 14.
Nd4 Rae8 15. g3 b5 16. Nxe6 fxe6 17. f4 e5 18. fxe5 Nf7 19. e6 Qxe6 20. Qxe6
Rxe6 $13 {Timman,J-Spraggett,K/Montpellier ct/1985/}) 6. Nxd2 dxc4 7. Bxc4 Bd7
8. Qg4 g6 9. Ne2 Bc6 10. Nc3 Nh6 11. Qh3 Nf5 12. O-O Nxd4 13. Nde4 {1-0
Tregubov,P-Savon,V/Volgograd 1994 (26)}) 5. Bd3 $5 d5 6. cxd5 exd5 7. e5 Ne4
$13) 4... Bxd2+ 5. Qxd2 d6 6. Nc3 Nf6 7. g3 O-O 8. Bg2 c5 $6 {Eine
antipositionelle Idee.} (8... e5 {Ist der solide Zug, aber auch hier behält
Weiß die Initiative.} 9. e4 Bg4 10. d5 a5 11. O-O Na6 12. Ne1 Nc5 13. Nc2 Bd7
14. b3 Ne8 15. f4 f6 16. Rf2 g6 17. Ne3 Ng7 18. f5 Rfb8 19. Bf1 Rf8 20. Be2 b6
21. Raf1 Rae8 22. Ng4 gxf5 23. Nh6+ Kh8 24. exf5 Qd8 25. g4 e4 26. Qd4 Re5 27.
Nd1 Qe7 28. Rg2 Ne8 29. h4 Qg7 30. g5 fxg5 31. hxg5 Bxf5 32. Ne3 Bh3 33. Rxf8+
{Dokhoian,Y-Garcia Padron,J/EUCup Las Palmas-Moscow 1989/1-0 (49)}) 9. O-O (9.
dxc5 dxc5 10. Ne5 Qc7 11. Qf4 Nbd7 12. Ng6 e5 13. Ne7+ Kh8 14. Qf3 e4 15. Qf4
Qxf4 16. gxf4 Nb6 17. Nxc8 Raxc8 18. b3 Rce8 19. e3 Re7 20. Rd1 g6 21. O-O Kg7
22. a4 Rfe8 23. a5 Na8 24. Rd6 Nc7 25. Rfd1 Rb8 26. Bh3 Ng8 27. Rd7 Na6 28.
Rxe7 Nxe7 29. Rd7 Nc6 30. Nxe4 Nxa5 31. Ng5 {1-0 Portisch,L-Parma,B/Portoroz/
Ljubljana 1985}) 9... b6 (9... Nc6 10. b3 Rb8 11. Rfe1 a6 12. d5 Nd8 13. e4 e5
14. Nh4 Ng4 15. Bh3 Nh6 16. Bxc8 Rxc8 17. Nf5 Nxf5 18. exf5 f6 19. a4 Nf7 20.
g4 h5 21. f3 Rce8 22. Qg2 Nh6 23. Ne4 Rb8 24. h3 Kf7 25. f4 Ke8 26. fxe5 fxe5
27. Qg3 Kd7 28. Rf1 hxg4 29. hxg4 Kc7 30. Rf2 b6 31. Raf1 b5 32. g5 Ng8 33.
axb5 axb5 34. b4 bxc4 35. bxc5 Rb3 36. Rf3 Rxf3 37. Qxf3 Kb8 38. Rb1+ Ka8 39.
Qa3+ Qa7 40. Qxa7+ Kxa7 41. Nxd6 {1-0 Donner,J-Kaila,O/Helsinki olm 1952}) 10.
dxc5 {Mit zwei Punkten in Führung strebt Weiß Vereinfachung und damit den Sieg
im Match an.} (10. Nh4 Bb7 11. d5 Ne8 12. f4 g6 13. Rae1 e5 14. f5 $36 {
Bolbochan,J-Kaila,O/Helsinki olm 1952/1/2-1/2 (57)}) 10... dxc5 11. Rad1 Bb7
12. Qd6 Nc6 13. Qxe7 (13. Nb5 $142 $1 Rad8 14. Qxe7 Nxe7 15. Nd6 Bc6 16. Ne5
Bxg2 17. Kxg2 {Schwarz hat es nicht leicht.}) 13... Nxe7 14. Rd2 Rfd8 15. Rfd1
Rxd2 16. Rxd2 Ng6 17. b3 Kf8 18. Ng5 1/2-1/2